000 00692nam a2200289Ia 4500
005 20260324131809.0
008 008 260324s9999 xx 000 0 eng d
020 _a9780203015810
037 _aEBOOK
040 _aCRL
040 _beng
040 _cCRL
041 _2eng
041 _aeng
084 _qCRL
100 _aGlen Gabbard; Russell Meares
_91186865
245 4 _aThe Metaphor of Play
245 0 _bOrigin and Breakdown of Personal Being
260 _bTaylor and Francis
260 _c2005
365 _a
365 _b205
856 _uhttp://www.taylorfrancis.com/books/9780203015810
942 _cEBOOK
999 _c1784367
_d1784367